| Tag |
First Indicator |
Second Indicator |
Subfields |
| LEADER |
00000cam a22000001a 4500 |
| 001 |
in00003211925 |
| 006 |
m d f |
| 007 |
cr bn mmmapmmp |
| 008 |
100309s1978 dcu o f000 0 eng d |
| 005 |
20260604205225.7 |
| 035 |
|
|
|a cis2007490382
|
| 040 |
|
|
|a UMI
|c UMI
|d UtOrBLW
|
| 043 |
|
|
|a n-us---
|
| 074 |
|
|
|a 1020
|
| 086 |
0 |
|
|a Y 4.J 89/1:95/57
|
| 099 |
|
|
|a HRG-1978-HJH-0024
|
| 110 |
1 |
|
|a United States.
|b Congress.
|b House.
|b Committee on the Judiciary.
|b Subcommittee on Crime.
|
| 245 |
1 |
0 |
|a Cigarette bootlegging :
|b hearings before the Subcommittee on Crime of the Committee on the Judiciary, House of Representatives, Ninety-fifth Congress, second session ... February 28, March 8, and April 19, 1978.
|
| 264 |
|
1 |
|a Washington :
|b U.S. Govt. Print. Off,
|c 1978.
|
| 300 |
|
|
|a 1 online resource.
|
| 336 |
|
|
|a text
|b txt
|2 rdacontent
|
| 337 |
|
|
|a computer
|b c
|2 rdamedia
|
| 338 |
|
|
|a online resource
|b cr
|2 rdacarrier
|
| 490 |
0 |
|
|a Serial - House, Committee on the Judiciary ;
|v no. 95-57
|
| 500 |
|
|
|a Record is based on bibliographic data in ProQuest Congressional Hearings Digital Collection. Reuse except for individual research requires license from ProQuest, LLC.
|
| 538 |
|
|
|a System requirements: PDF reader software.
|
| 500 |
|
|
|a Electronic resource.
|
| 650 |
|
0 |
|a Cigarettes
|x Taxation
|z United States.
|
| 650 |
|
0 |
|a Smuggling
|z United States.
|
| 655 |
|
7 |
|a Electronic books.
|2 local
|
| 710 |
2 |
|
|a ProQuest (Firm)
|
| 776 |
0 |
8 |
|i Print version:
|a United States. Congress. House. Committee on the Judiciary. Subcommittee on Crime
|t Cigarette bootlegging
|w (OCoLC)04634265
|w gp 79009024
|
| 776 |
0 |
8 |
|i Microfiche version:
|a United States. Congress. House. Committee on the Judiciary. Subcommittee on Crime
|t Cigarette bootlegging.
|d [Bethesda, Md.] : ProQuest,[2004]
|o CIS 79 H521-10
|w (ProQuest)cis07901180
|
| 830 |
|
0 |
|a U.S. Congressional Hearings.
|
| 856 |
4 |
0 |
|u http://proxy.library.tamu.edu/login?url=https://congressional.proquest.com/congcomp/getdoc?HEARING-ID=HRG-1978-HJH-0024
|z Connect to the full text of this electronic book
|t 0
|
| 998 |
|
|
|a cis07901180
|
| 999 |
|
|
|a MARS
|
| 999 |
f |
f |
|s c727a4e4-eab0-3e47-96d1-f1bb806814aa
|i e6460d21-b719-3a09-8f07-650716e8a800
|t 0
|
| 952 |
f |
f |
|a Texas A&M University
|b College Station
|c Electronic Resources
|s www_evans
|d Available Online
|t 0
|e HRG-1978-HJH-0024
|h Other scheme
|
| 998 |
f |
f |
|a HRG-1978-HJH-0024
|t 0
|l Available Online
|